[Event "Ambalangoda Dhamso op 8th"]
[Site "Ambalangoda"]
[Date "2018.04.20"]
[Round "4"]
[White "Sandamith, WM."]
[Black "Udugampola, Gihan Sachintha"]
[Result "1-0"]
[WhiteElo "1754"]
[BlackElo "1505"]
[PlyCount "47"]
[EventDate "2018.04.19"]
[EventType "swiss"]
[EventRounds "9"]
[EventCountry "SRI"]
[SourceTitle "CBM 184 Extra"]
[Source "ChessBase"]
[SourceDate "2018.06.28"]
[SourceVersion "1"]
[SourceVersionDate "2018.06.28"]
[SourceQuality "1"]

1. d4 Nf6 2. Nf3 g6 3. g3 Bg7 4. Bg2 d6 5. c4 0-0 6. Nc3 Nbd7 7. 0-0 Re8 8. a3 c6 9. Qc2 d5 10. cxd5 Nxd5 11. e4 Nxc3 12. bxc3 c5 13. Rd1 Qc7 14. Bb2 Nb6 15. c4 cxd4 16. Nxd4 Be6 17. c5 Nd7 18. Nxe6 fxe6 19. Bxg7 Kxg7 20. Bh3 Red8 21. Rd3 b6 22. Qc3+ Kh6 23. Rad1 Re8 24. Bxe6 1-0

[Event "Negombo op 2nd"]
[Site "Negombo"]
[Date "2016.08.16"]
[Round "7"]
[White "Udugampola, Gihan Sachintha"]
[Black "Amarasinghe, AACB"]
[Result "0-1"]
[WhiteElo "1615"]
[BlackElo "1863"]
[PlyCount "34"]
[EventDate "2016.08.13"]
[EventType "swiss"]
[EventRounds "9"]
[EventCountry "SRI"]
[SourceTitle "EXT 2019"]
[Source "ChessBase"]
[SourceDate "2018.10.10"]
[SourceVersion "1"]
[SourceVersionDate "2018.10.10"]
[SourceQuality "1"]

1. d4 f5 2. Nc3 Nf6 3. Bg5 g6 4. e3 Bg7 5. h4 h6 6. Bf4 d6 7. Bc4 e6 8. Qe2 Nc6 9. 0-0-0 a6 10. e4 fxe4 11. Nxe4 d5 12. Nxf6+ Qxf6 13. Nh3 dxc4 14. c3 0-0 15. g4 e5 16. dxe5 Nxe5 17. g5 Qe6 0-1

[Event "Negombo op 2nd"]
[Site "Negombo"]
[Date "2016.08.15"]
[Round "5"]
[White "Perera, DGDY Adeekshana"]
[Black "Udugampola, Gihan Sachintha"]
[Result "0-1"]
[WhiteElo "1233"]
[BlackElo "1615"]
[PlyCount "144"]
[EventDate "2016.08.13"]
[EventType "swiss"]
[EventRounds "9"]
[EventCountry "SRI"]
[SourceTitle "EXT 2019"]
[Source "ChessBase"]
[SourceDate "2018.10.10"]
[SourceVersion "1"]
[SourceVersionDate "2018.10.10"]
[SourceQuality "1"]

1. d4 Nf6 2. Nf3 d6 3. e3 g6 4. Bd3 Bg7 5. b3 0-0 6. Bb2 Nbd7 7. Nbd2 b6 8. c4 e5 9. Qc2 Re8 10. b4 Qe7 11. Ng5 Bb7 12. d5 Rac8 13. 0-0 Nxd5 14. Nxf7 Nxb4 15. Qb3 Nxd3 16. Qxd3 Qxf7 17. f4 e4 18. Qc2 Nc5 19. Nb3 Nd3 20. Bxg7 Qxg7 21. f5 Rf8 22. Nd4 Qe5 23. Qb3 a6 24. fxg6 hxg6 25. Qc2 Nc5 26. Qe2 Qh5 27. Qd2 Kg7 28. a4 a5 29. Rab1 Qe5 30. Qe2 Rxf1+ 31. Rxf1 Rh8 32. h3 Rf8 33. Rxf8 Kxf8 34. Qf2+ Ke7 35. Qh4+ Qf6 36. Qh7+ Qf7 37. Qh4+ Kd7 38. Qg4+ Ne6 39. Ne2 Qf5 40. Qh4 Qh5 41. Qf2 Ke7 42. Ng3 Qg5 43. h4 Qf6 44. Qe1 Nc5 45. h5 Nd3 46. Qe2 Qg5 47. Nf1 Qxh5 48. Qd2 Ne5 49. Qb2 Qh8 50. Qf2 Nd3 51. Qe2 Qb2 52. Qd1 Qf2+ 53. Kh1 Ne1 54. Qg4 Qxf1+ 55. Kh2 Qxg2+ 56. Qxg2 Nxg2 57. Kxg2 Bc6 58. Kf2 Bxa4 59. Ke2 Bb3 60. Kd2 Bxc4 61. Kc3 d5 62. Kd4 Kd6 63. Kc3 g5 64. Kd2 a4 65. Kd1 a3 66. Kc1 g4 67. Kd1 a2 68. Kc2 a1Q 69. Kd2 Qa2+ 70. Kc1 g3 71. Kd1 g2 72. Kc1 g1Q# 0-1